| 000 | 01032nas a2200349 4500 | ||
|---|---|---|---|
| 001 | BR0502414 | ||
| 003 | BR-BrBNA | ||
| 005 | 20231205105329.0 | ||
| 007 | ta | ||
| 008 | 230509b bl.|||p| |||| 00| 00por d | ||
| 040 |
_aBR-BrBNA _bpor _cBiblioteca Nacional de Agricultura |
||
| 041 | _a(Pt) | ||
| 072 | _aQ52; Q54 | ||
| 100 | 1 | _aRodrigues, P.H.M. | |
| 100 | 1 | _aRuzante, J.M. | |
| 100 | 1 | _aSenatore, A.L. | |
| 100 | 1 | _aLima, F.R. de | |
| 100 | 1 | _aMelotti, L. | |
| 100 | 1 | _aMeyer, P.M. | |
| 245 | 1 | _aAvaliação do uso de inoculantes microbianos sobre a qualidade fermentativa e nutricional da silagem de milho | |
| 650 | _aMILHO | ||
| 650 | _aSILAGEM | ||
| 650 | _aÁCIDO ORGÂNICO | ||
| 650 | _aFERMENTAÇÃO | ||
| 650 | _aBROMATOLOGIA | ||
| 650 | _aÁCIDO LÁTICO | ||
| 650 | _aBACTÉRIA | ||
| 650 | _aQUALIDADE | ||
| 773 | 0 |
_tRevista Brasileira de Zootecnia (Brazil) _xISSN 1516-3598 _g(May-Jun 2004), v. 33(3) p. 538-545 _wBR0502414 |
|
| 909 |
_a202311 _bLúcia _c55 _dLúcia Elande |
||
| 942 |
_2AGRIS _n0 _cANA |
||
| 999 |
_c182388 _d182388 |
||